LEADER 00981nam0-22003251i-450- 001 990003092560403321 035 $a000309256 035 $aFED01000309256 035 $a(Aleph)000309256FED01 035 $a000309256 100 $a20000920d1919----km-y0itay50------ba 101 0 $aita 102 $aIT 200 1 $a<>History of Trade Unionism, 166-1920$ePrinted by the Authors of the Workers' Educational Association. Christmas 1919$fSidney and Beatrice Webb. 210 $aEdinburgh$cR.& R.$d1919. 215 $aXV, 784 p.$d20 cm 300 $a[Ed.orig.: 1894] 676 $aE/4.1 676 $aE/5 676 $aG/2.43 700 1$aWebb,$bBeatrice Potter$f<1858-1943>$0304217 701 1$aWebb,$bSidney J.$f<1859-1947>$0375109 801 0$aIT$bUNINA$gRICA$2UNIMARC 901 $aBK 912 $a990003092560403321 952 $aG/2.43 WEB$b7537$fSES 959 $aSES 996 $aHistory of Trade Unionism, 166-1920$9459021 997 $aUNINA DB $aING01 LEADER 01381nam0 22002893i 450 001 PBE0114047 005 20251003044309.0 100 $a20220919d1991 ||||0itac50 ba 101 | $aita 102 $ait 181 1$6z01$ai $bxxxe 182 1$6z01$an 183 1$6z01$azu$2RDAcarrier 200 1 $aPlancia in penisola$ei primi cent'anni dell'associazione marittima sorrentina tra storia, cronaca e aneddotica$fRoberto Vittorio Romano 210 $aMeta$cAssociazione marittima di mutuo soccorso$d1991 215 $aXIII, 240 p$cill.$d24 cm 300 $aIn copertina: il sorriso di Erasmo edizioni lubrensi 700 1$aRomano$b, Roberto Vittorio$3CFIV051875$0632840 801 3$aIT$bIT-000000$c20220919 850 $aIT-BN0095 $aIT-NA0646 901 $bNAP 01$cPOZZO LIB.$nVi sono collocati fondi di economia, periodici di ingegneria e scienze, periodici di economia e statistica e altri fondi comprendenti documenti di economia pervenuti in dono. 901 $bNAP 59$cNAU $nContiene tutti i libri specializzati sull'argomento 912 $aPBE0114047 950 0$aBiblioteca Centralizzata di Ateneo$c1 v.$d 01POZZO LIB.F. ASSANTE 273$e 0101 0060013995E VMA 1 v. (Precedente collocazione A 268)$fB $h20220919$i20220919 977 $a 01$a 59 996 $aPlancia in penisola$92909797 997 $aUNISANNIO